Handbuch der Kontorwissenschaften Lehrbuch für Handelslehranstalten und praktischer Ratgeber für den Kaufmannsstand

Saved in:
Bibliographic Details
Format: Book
Language:German
Published: Stuttgart Nitzschke-Brettinger [s.a.]
Tags: Add Tag
No Tags, Be the first to tag this record!

MARC

LEADER 00000nam a2200000 4500
001 0306908
005 20250210085525.1
041 0 |a ger 
044 |a DE 
245 1 0 |a Handbuch der Kontorwissenschaften  |b Lehrbuch für Handelslehranstalten und praktischer Ratgeber für den Kaufmannsstand  |c Hanns Belohlavek 
264 1 |a Stuttgart  |b Nitzschke-Brettinger  |c [s.a.]